000 01261nam a22003497a 4500
003 CHAP
005 20220329140856.0
008 971013s1995 r 00010 d
010 _a59107
011 _a60079
035 _a64239
040 _cCHAP
090 _aTesis
100 0 0 _aLara Hernández, Cándido.
_964845
245 _aTécnica para el desfazamiento de la cosecha en naranjo "valencia tardia" (Citrus sinensis L.) Osbeck) en la zona citrícola de Veracruz
260 _aChapingo, Méx. :
_bEl autor,
_c1995
300 _a66 p.
502 _aTesis (Ing. Agr. Esp. en Suelos y Fitotecnia) -- UACH. Departamento de Suelos y Fitotecnia
590 _aALEPH
_b10
_c20130110
_lUCH01
_h1337
590 _aBATCH-UPD
_b10
_c20130110
_lUCH01
_h1621
590 _aBATCH-UPD
_b10
_c20130410
_lUCH01
_h1016
590 _aBATCH-UPD
_b10
_c20130914
_lUCH01
_h1836
590 _aCONVERSION
_b10
_c20130109
_lUCH01
_h1332
650 1 4 _aNaranja
_xFloración.
_980163
650 1 4 _aNaranja
_xVariedades.
_980194
650 1 4 _aNaranja
_zVeracruz.
_980199
700 0 _aLara Hernández, María Encarnación.
_964846
901 _aBK
942 _cFOLL
949 _bBC
_cTES
_d-139946
_eTS1
_h28674
_i64239
_si
949 _bBC
_cTES
_d33724000077418
_eTS2
_fc.2
_h28675
_i64239
_si
999 _c59107
_d59107